Estadísticas para Seis Grados de Separación - Países #1

Haz click aquí para intentar la prueba.

Estadísticas generales

  • Esta prueba ha sido intentada 1.607 veces
  • La puntuación promedio es 11 de 24

Estadísticas de respuestas

ColorPistaPaís% Correcto
VerdeEl país más grande por área es...Rusia
99%
VerdeQue tiene su frontera más corta con...Corea del Norte
73%
AmarilloAlfabéticamente, el primer país es...Afganistán
63%
AmarilloQue se invadió en 2001 por...Estados Unidos
60%
AmarilloQue construyó y financió un canal en 1914 en...Panamá
56%
AmarilloQue fue territorio ultramar de...España
55%
AzulEl país insular más poblado es...Indonesia
55%
AmarilloQue tiene dos ciudades africanas rodeadas por...Marruecos
53%
AmarilloQue tiene su frontera más larga con...Argelia
51%
AzulQue firmó el Pacto de Acero con...Alemania
50%
AzulQue tiene más área que...Ciudad del Vaticano
50%
AzulQue es completamente rodeada por...Italia
50%
AzulQue tiene una bandera nacional parecidísimo a...Mónaco
50%
AzulQue ganó una copa mundial por 7 a 1 contra...Brasil
49%
RojoEl país más septentrional es...Canadá
49%
RojoCuya segunda ciudad más poblada se fundó por...Francia
45%
RojoQue comparte la isla de San Martín con...Países Bajos
37%
RojoQue ha disputado la posesión de Cachemira desde 1947 con...India
33%
RojoQue alfabéticamente viene antes de...Pakistán
32%
RojoQue conectaba por el Puente de Adán con...Sri Lanka
29%
VerdeQue solo limita con...Irlanda
24%
VerdeQue fue una colonia del Estrecho de...Reino Unido
24%
VerdeCuyo jefe se reunió por primera vez con el presidente estadounidense en...Singapur
24%
VerdeQue tiene una bandera nacional parecidísimo a...Costa de Marfil
23%

Distribución de puntuación

Porcentaje por número respondido

Porcentaje de gente con cada puntuación

Historial de tus puntuaciones

No has intentado esta prueba.